[Event "EU YCH Team U12 boys"]
[Site "Thessaloniki"]
[Date "2022.07.16"]
[Round "5.4"]
[White "Madsman, Alp"]
[Black "Gales, Randi-Ioan"]
[Result "1/2-1/2"]
[WhiteElo "1429"]
[BlackElo "1805"]
[PlyCount "70"]
[EventDate "2022.07.12"]
[EventType "swiss"]
[EventRounds "7"]
[EventCountry "GRE"]
[SourceTitle "Youth Database"]
[Source "CBase R.Goldau"]
[SourceDate "2000.03.01"]
[SourceVersion "1"]
[SourceVersionDate "2022.07.18"]
[SourceQuality "1"]
[WhiteTeam "Türkei"]
[BlackTeam "Rumänien"]
[WhiteTeamCountry "TUR"]
[BlackTeamCountry "ROU"]

1. e4 c5 2. Nf3 Nc6 3. Bb5 e6 4. c3 Nge7 5. O-O a6 6. Ba4 b5 7. Bc2 Bb7 8. d4
cxd4 9. cxd4 Nb4 10. a3 Nxc2 11. Qxc2 Rc8 12. Qe2 Ng6 13. Nc3 Be7 14. Be3 O-O
15. Rfd1 f5 16. exf5 Rxf5 17. Ne1 Bg5 18. d5 Bxe3 19. Qxe3 exd5 20. Rd4 Rc4 21.
Rad1 Rxd4 22. Rxd4 Nf8 23. Nf3 Ne6 24. Rd1 Qf6 25. h3 h6 26. Nd4 Re5 27. Qf3
Qe7 28. Nf5 Qc5 29. Nxd5 Rxd5 30. Rxd5 Bxd5 31. Qxd5 Qc1+ 32. Kh2 Qf4+ 33. Kg1
Qc1+ 34. Kh2 Qf4+ 35. Kg1 Qc1+ 1/2-1/2

[Event "EU YCH Team U12 boys"]
[Site "Thessaloniki"]
[Date "2022.07.17"]
[Round "6.1"]
[White "Sowinski, Pawel"]
[Black "Besou, Hussain"]
[Result "0-1"]
[WhiteElo "2136"]
[BlackElo "2078"]
[PlyCount "112"]
[EventDate "2022.07.12"]
[EventType "swiss"]
[EventRounds "7"]
[EventCountry "GRE"]
[SourceTitle "Youth Database"]
[Source "CBase R.Goldau"]
[SourceDate "2000.03.01"]
[SourceVersion "1"]
[SourceVersionDate "2022.07.18"]
[SourceQuality "1"]
[WhiteTeam "Polen"]
[BlackTeam "Deutschland"]
[WhiteTeamCountry "POL"]
[BlackTeamCountry "GER"]

1. e4 e5 2. Nf3 Nc6 3. Bb5 a6 4. Ba4 Nf6 5. d3 d6 6. c3 Be7 7. O-O O-O 8. h3 b5
9. Bc2 Re8 10. a3 Bf8 11. Nbd2 g6 12. Re1 Bg7 13. Nf1 Nb8 14. Ng3 Bb7 15. d4
Nbd7 16. b3 c6 17. Be3 Qc7 18. Qd2 Rad8 19. Rad1 c5 20. d5 Rb8 21. Bh6 Bh8 22.
Nh4 Nf8 23. Rf1 Qd8 24. Bg5 Qc7 25. f4 exf4 26. Qxf4 N8d7 27. Ngf5 Re5 28. Nh6+
Kf8 29. Ng4 Rxg5 30. Qxg5 Nxg4 31. Qxg4 Bxc3 32. Nf3 Bf6 33. Qf4 Kg8 34. Nh2
Rf8 35. Ng4 Bg7 36. h4 h5 37. Ne3 Qd8 38. g3 Ne5 39. Rd2 Bc8 40. Rh2 Bg4 41.
Kh1 Qa5 42. Bd1 Bxd1 43. Rxd1 Qxa3 44. g4 Qxb3 45. gxh5 Nc4 46. Re1 Nxe3 47.
Rh3 Nxd5 48. Qf1 Nc3 49. Qg2 Qe6 50. hxg6 fxg6 51. Rg3 Rf4 52. e5 Rxh4+ 53. Kg1
Qc4 54. Qc6 Qd4+ 55. Kf1 Qf4+ 56. Kg2 Qd2+ 0-1

[Event "EU YCH Team U12 boys"]
[Site "Thessaloniki"]
[Date "2022.07.17"]
[Round "6.2"]
[White "Malinowsky, Levi"]
[Black "Cieslak, Patryk"]
[Result "1/2-1/2"]
[WhiteElo "1814"]
[BlackElo "2029"]
[PlyCount "119"]
[EventDate "2022.07.12"]
[EventType "swiss"]
[EventRounds "7"]
[EventCountry "GRE"]
[SourceTitle "Youth Database"]
[Source "CBase R.Goldau"]
[SourceDate "2000.03.01"]
[SourceVersion "1"]
[SourceVersionDate "2022.07.18"]
[SourceQuality "1"]
[WhiteTeam "Deutschland"]
[BlackTeam "Polen"]
[WhiteTeamCountry "GER"]
[BlackTeamCountry "POL"]

1. e4 c5 2. Nf3 Nc6 3. Bb5 d6 4. d4 cxd4 5. Nxd4 Bd7 6. c4 Nf6 7. Nc3 g6 8. h3
Bg7 9. Be3 O-O 10. Bxc6 bxc6 11. O-O c5 12. Nde2 Qb6 13. Qd2 Qb7 14. e5 Ne8 15.
exd6 Nxd6 16. b3 Bc6 17. f3 Rfd8 18. Qc2 Qb6 19. Ng3 e6 20. Rad1 Nf5 21. Nxf5
gxf5 22. Ne2 Kh8 23. Nf4 Rg8 24. Qf2 Qc7 25. Qh4 Be5 26. Nd3 Rg6 27. Bxc5 Rag8
28. Rd2 Bf6 29. Qf4 e5 30. Qh2 f4 31. Kh1 Rg3 32. Ne1 Qc8 33. Bf2 R3g6 34. Bg1
Bh4 35. Bf2 Be7 36. Bg1 Qf5 37. Nd3 Rg3 38. Nxe5 Ba8 39. Ng4 Qg5 40. Bd4+ f6
41. Re2 Bd8 42. Re6 Rf8 43. Rfe1 h5 44. Ne5 Kh7 45. Nc6 Bb6 46. Bxb6 axb6 47.
R1e2 Rg8 48. b4 Qf5 49. R2e4 Rxg2 50. Qxg2 Rxg2 51. Kxg2 Qg5+ 52. Kf1 Qg3 53.
b5 Qxf3+ 54. Ke1 Kg7 55. Re8 Kg6 56. R4e6 Qc3+ 57. Kf2 Qg3+ 58. Kf1 Qd3+ 59.
Ke1 Qc3+ 60. Kf2 1/2-1/2

[Event "EU YCH Team U12 boys"]
[Site "Thessaloniki"]
[Date "2022.07.17"]
[Round "6.3"]
[White "Witczak, Borys"]
[Black "Buchinger, Alexis"]
[Result "1-0"]
[WhiteElo "1766"]
[BlackElo "1764"]
[PlyCount "115"]
[EventDate "2022.07.12"]
[EventType "swiss"]
[EventRounds "7"]
[EventCountry "GRE"]
[SourceTitle "Youth Database"]
[Source "CBase R.Goldau"]
[SourceDate "2000.03.01"]
[SourceVersion "1"]
[SourceVersionDate "2022.07.18"]
[SourceQuality "1"]
[WhiteTeam "Polen"]
[BlackTeam "Deutschland"]
[WhiteTeamCountry "POL"]
[BlackTeamCountry "GER"]

1. d4 Nf6 2. c4 g6 3. Nc3 Bg7 4. e4 d6 5. h3 O-O 6. Be3 e5 7. d5 a5 8. g4 Na6
9. Nge2 Nc5 10. Ng3 Ne8 11. h4 f6 12. Bh3 g5 13. hxg5 fxg5 14. Qd2 h6 15. Nf5
Bxf5 16. gxf5 Nf6 17. Bg2 Ng4 18. Bf3 Nxe3 19. Qxe3 a4 20. Kd2 Kf7 21. Bh5+ Ke7
22. f3 Rh8 23. Nd1 Qb8 24. Nc3 Qa7 25. Qe2 Qb6 26. Kc2 Bf6 27. Bg4 Na6 28. Rad1
Nc5 29. Nb5 Bg7 30. Qh2 Bf6 31. Qd2 Rad8 32. Rh2 c6 33. Nc3 Kf7 34. Bh5+ Kg7
35. Rdh1 Qb4 36. Bg6 Rd7 37. Qe2 Qa5 38. Rh5 Qd8 39. Qh2 Kf8 40. Rxh6 Rxh6 41.
Qxh6+ Bg7 42. Qh5 Rc7 43. Rg1 Bf6 44. Rxg5 b5 45. dxc6 b4 46. Nd5 b3+ 47. axb3
axb3+ 48. Kd1 Qa8 49. Nxf6 Qa1+ 50. Ke2 Qxb2+ 51. Kf1 Qc1+ 52. Kg2 Qd2+ 53. Kh3
Rc8 54. Qh8+ Ke7 55. Nd5+ Qxd5 56. Qg7+ Kd8 57. cxd5 b2 58. Rh5 1-0

[Event "EU YCH Team U12 boys"]
[Site "Thessaloniki"]
[Date "2022.07.17"]
[Round "6.4"]
[White "Gloeckler, Christian"]
[Black "Suska, Szymon"]
[Result "0-1"]
[WhiteElo "1827"]
[BlackElo "1674"]
[PlyCount "128"]
[EventDate "2022.07.12"]
[EventType "swiss"]
[EventRounds "7"]
[EventCountry "GRE"]
[SourceTitle "Youth Database"]
[Source "CBase R.Goldau"]
[SourceDate "2000.03.01"]
[SourceVersion "1"]
[SourceVersionDate "2022.07.18"]
[SourceQuality "1"]
[WhiteTeam "Deutschland"]
[BlackTeam "Polen"]
[WhiteTeamCountry "GER"]
[BlackTeamCountry "POL"]

1. c4 Nf6 2. Nc3 c5 3. g3 g6 4. Bg2 Bg7 5. e3 O-O 6. Nge2 Nc6 7. O-O d6 8. a3
Be6 9. Nd5 Bxd5 10. cxd5 Ne5 11. d4 cxd4 12. Nxd4 Rc8 13. b3 Qa5 14. Bb2 Qa6
15. Nc2 Qd3 16. Nd4 Qa6 17. a4 Nd3 18. Ba3 Nc5 19. Rc1 Nce4 20. Nb5 Qa5 21. Qd3
a6 22. Bxe4 axb5 23. Bg2 bxa4 24. bxa4 Qxa4 25. Bb2 Qa6 26. Qb3 Nd7 27. Bxg7
Kxg7 28. Bh3 Rxc1 29. Rxc1 Nc5 30. Qb2+ Kg8 31. Bf1 Qa5 32. Ra1 Qc7 33. Ra3 Rb8
34. Qb5 Qd7 35. Qb6 Qd8 36. Qb5 Ra8 37. Qb4 Rxa3 38. Qxa3 Qb6 39. Qa8+ Kg7 40.
Qe8 Qc7 41. Qb5 Qd7 42. Qb2+ f6 43. Qb6 Qf5 44. Qd8 Qe5 45. h4 f5 46. h5 Ne4
47. Be2 gxh5 48. Kg2 h4 49. gxh4 Qf6 50. f3 Nc3 51. Bc4 Qxh4 52. Qc7 Nd1 53.
Qb6 Qxc4 54. Kg3 Qxd5 55. Qc7 Qe5+ 56. Kg2 Nxe3+ 57. Kf2 f4 58. Qxb7 Nf5 59.
Qb1 Qe3+ 60. Kg2 Nh4+ 61. Kh3 Qxf3+ 62. Kxh4 Qg3+ 63. Kh5 Qg6+ 64. Qxg6+ hxg6+
0-1

[Event "EU YCH Team U12 boys"]
[Site "Thessaloniki"]
[Date "2022.07.17"]
[Round "6.1"]
[White "Zerey, Demhat"]
[Black "Kumar, Soham"]
[Result "0-1"]
[WhiteElo "1497"]
[BlackElo "1762"]
[PlyCount "110"]
[EventDate "2022.07.12"]
[EventType "swiss"]
[EventRounds "7"]
[EventCountry "GRE"]
[SourceTitle "Youth Database"]
[Source "CBase R.Goldau"]
[SourceDate "2000.03.01"]
[SourceVersion "1"]
[SourceVersionDate "2022.07.18"]
[SourceQuality "1"]
[WhiteTeam "Türkei"]
[BlackTeam "England"]
[WhiteTeamCountry "TUR"]
[BlackTeamCountry "ENG"]

1. e4 c5 2. Nc3 g6 3. g3 Nc6 4. Bg2 Bg7 5. d3 a6 6. Be3 d6 7. Qd2 Bd7 8. Nge2
e6 9. O-O Nge7 10. f4 O-O 11. Nd1 f5 12. c3 b6 13. d4 Qc7 14. e5 dxe5 15. fxe5
cxd4 16. cxd4 Rad8 17. Qc2 Bc8 18. Rc1 Bb7 19. Qb3 Qd7 20. Qxb6 Rb8 21. Qc5
Rfd8 22. Nf2 Bf8 23. Qc3 Nd5 24. Qd2 Nxe3 25. Qxe3 Nxd4 26. Bxb7 Nxe2+ 27. Qxe2
Qxb7 28. b3 Qb5 29. Qe3 Rd5 30. Rc7 Qb6 31. Qxb6 Rxb6 32. Rc8 Rxe5 33. Ng4 fxg4
34. Rfxf8+ Kg7 35. Rfd8 h5 36. Rc7+ Kh6 37. Kf2 Rf5+ 38. Ke2 Rbb5 39. Rd3 Rfe5+
40. Re3 Rxe3+ 41. Kxe3 Re5+ 42. Kd3 Rd5+ 43. Ke3 a5 44. Rc6 e5 45. a4 Rd1 46.
Rc5 Rh1 47. Rxa5 Rxh2 48. Rxe5 Rg2 49. Kf4 Rf2+ 50. Ke4 Rf3 51. b4 Rxg3 52. b5
Ra3 53. a5 g3 54. b6 g2 55. b7 Rb3 0-1

[Event "EU YCH Team U12 boys"]
[Site "Thessaloniki"]
[Date "2022.07.17"]
[Round "6.2"]
[White "Pert, Max"]
[Black "Kolat, Ata"]
[Result "1/2-1/2"]
[WhiteElo "1693"]
[BlackElo "1621"]
[PlyCount "67"]
[EventDate "2022.07.12"]
[EventType "swiss"]
[EventRounds "7"]
[EventCountry "GRE"]
[SourceTitle "Youth Database"]
[Source "CBase R.Goldau"]
[SourceDate "2000.03.01"]
[SourceVersion "1"]
[SourceVersionDate "2022.07.18"]
[SourceQuality "1"]
[WhiteTeam "England"]
[BlackTeam "Türkei"]
[WhiteTeamCountry "ENG"]
[BlackTeamCountry "TUR"]

1. e4 c5 2. Nc3 Nc6 3. Nf3 g6 4. d4 cxd4 5. Nxd4 Bg7 6. Be3 Nf6 7. Nxc6 bxc6 8.
e5 Ng8 9. Bd4 Qa5 10. Bc4 Bxe5 11. O-O Nf6 12. Re1 d6 13. Qf3 O-O 14. Bxe5 dxe5
15. Qxc6 Rb8 16. Bb3 Bb7 17. Qa4 Qxa4 18. Bxa4 e4 19. Rad1 Rfd8 20. h3 e6 21.
Rxd8+ Rxd8 22. Rd1 Rxd1+ 23. Nxd1 Kf8 24. c4 Ke7 25. c5 Nd5 26. Ne3 Nxe3 27.
fxe3 Bd5 28. a3 a5 29. b4 axb4 30. axb4 Kd8 31. Kf2 f5 32. g4 fxg4 33. hxg4 g5
34. Kg3 1/2-1/2

[Event "EU YCH Team U12 boys"]
[Site "Thessaloniki"]
[Date "2022.07.17"]
[Round "6.3"]
[White "Sevig, Mert Can"]
[Black "Patel, Zain"]
[Result "1-0"]
[WhiteElo "1604"]
[BlackElo "1632"]
[PlyCount "91"]
[EventDate "2022.07.12"]
[EventType "swiss"]
[EventRounds "7"]
[EventCountry "GRE"]
[SourceTitle "Youth Database"]
[Source "CBase R.Goldau"]
[SourceDate "2000.03.01"]
[SourceVersion "1"]
[SourceVersionDate "2022.07.18"]
[SourceQuality "1"]
[WhiteTeam "Türkei"]
[BlackTeam "England"]
[WhiteTeamCountry "TUR"]
[BlackTeamCountry "ENG"]

1. e4 e5 2. Nf3 Nc6 3. Bb5 a6 4. Ba4 Nf6 5. O-O Be7 6. Re1 b5 7. Bb3 d6 8. c3
O-O 9. h3 Nb8 10. d4 Nbd7 11. Nbd2 Bb7 12. Bc2 Re8 13. Nf1 Bf8 14. Ng3 g6 15.
b3 Bg7 16. d5 h6 17. c4 Nb6 18. Bd3 bxc4 19. bxc4 Qd7 20. Rb1 Rab8 21. Be3 Qd8
22. Qd2 Kh7 23. Qa5 Nfd7 24. Nd2 Bf8 25. Nb3 Qe7 26. Rec1 Nc5 27. Nxc5 dxc5 28.
Nf1 Qd6 29. Rb2 Bc8 30. Rcb1 Ra8 31. Nd2 Nd7 32. Bc2 Nb6 33. Nb3 Nd7 34. Qa3 h5
35. Na5 Nb6 36. Ba4 Rd8 37. Bc6 Rb8 38. Rc1 Nd7 39. Bxd7 Rxb2 40. Qxb2 Bxd7 41.
Rb1 Qe7 42. Qb7 Qd6 43. Qa7 Re8 44. Bg5 f6 45. Nb7 Qe7 46. Be3 1-0

[Event "EU YCH Team U12 boys"]
[Site "Thessaloniki"]
[Date "2022.07.17"]
[Round "6.4"]
[White "Soulier, Alfred"]
[Black "Madsman, Alp"]
[Result "1/2-1/2"]
[WhiteElo "1425"]
[BlackElo "1429"]
[PlyCount "107"]
[EventDate "2022.07.12"]
[EventType "swiss"]
[EventRounds "7"]
[EventCountry "GRE"]
[SourceTitle "Youth Database"]
[Source "CBase R.Goldau"]
[SourceDate "2000.03.01"]
[SourceVersion "1"]
[SourceVersionDate "2022.07.18"]
[SourceQuality "1"]
[WhiteTeam "England"]
[BlackTeam "Türkei"]
[WhiteTeamCountry "ENG"]
[BlackTeamCountry "TUR"]

1. e4 c6 2. d4 d5 3. Nc3 dxe4 4. Nxe4 Bf5 5. Ng3 Bg6 6. Nf3 Nd7 7. h4 h6 8. h5
Bh7 9. Bd3 Bxd3 10. Qxd3 e6 11. Bd2 Ngf6 12. O-O-O Be7 13. Kb1 O-O 14. Ne4 Nxe4
15. Qxe4 Nf6 16. Qe2 Qd5 17. Rdg1 Qe4 18. Qxe4 Nxe4 19. Be3 Rad8 20. c3 Rd5 21.
Nd2 Nxd2+ 22. Bxd2 Rfd8 23. Be3 b6 24. g4 c5 25. Kc2 cxd4 26. Bxd4 Bc5 27. Bxc5
bxc5 28. Rd1 Kf8 29. Rxd5 Rxd5 30. Re1 Ke7 31. Re4 f5 32. gxf5 Rxf5 33. Ra4
Rxh5 34. Rxa7+ Kf6 35. a4 Rh1 36. a5 h5 37. a6 Ra1 38. Ra8 Kg5 39. b4 cxb4 40.
cxb4 h4 41. b5 h3 42. Rh8 Kg4 43. Kb3 e5 44. Kc4 e4 45. Kc5 Kf3 46. Rxh3+ Kxf2
47. Rh7 e3 48. Rxg7 e2 49. Re7 Ra3 50. Rxe2+ Kxe2 51. Kb6 Kd3 52. Kb7 Kc4 53.
b6 Kb5 54. a7 1/2-1/2

[Event "EU YCH Team U12 boys"]
[Site "Thessaloniki"]
[Date "2022.07.17"]
[Round "6.1"]
[White "Marinidis, Stavros"]
[Black "Margaritis, Ioannis M"]
[Result "0-1"]
[WhiteElo "1375"]
[BlackElo "1525"]
[PlyCount "90"]
[EventDate "2022.07.12"]
[EventType "swiss"]
[EventRounds "7"]
[EventCountry "GRE"]
[SourceTitle "Youth Database"]
[Source "CBase R.Goldau"]
[SourceDate "2000.03.01"]
[SourceVersion "1"]
[SourceVersionDate "2022.07.18"]
[SourceQuality "1"]
[WhiteTeam "Griechenland"]
[BlackTeam "Griechenland"]
[WhiteTeamCountry "GRE"]
[BlackTeamCountry "GRE"]

1. e4 c5 2. Nf3 d6 3. Bb5+ Bd7 4. Bxd7+ Qxd7 5. c4 Nc6 6. Nc3 g6 7. d4 cxd4 8.
Nxd4 Bg7 9. Be3 Nf6 10. f3 O-O 11. O-O Rac8 12. b3 Rfd8 13. Rc1 e6 14. Qd2 Qe7
15. Rfd1 Rd7 16. Qf2 Rcd8 17. Ncb5 a6 18. Nxc6 bxc6 19. Na7 Rc7 20. Bb6 c5 21.
e5 Ne8 22. exd6 Rxd6 23. Rxd6 Qxd6 24. Bxc7 Qxc7 25. Kf1 Qxa7 26. Rd1 Bd4 27.
Qh4 Qb8 28. g3 Qe5 29. Re1 Qf5 30. Qg4 Qd3+ 31. Re2 Qb1+ 32. Kg2 Qg1+ 33. Kh3
Qf1+ 34. Rg2 Nf6 35. Qf4 Kg7 36. g4 e5 37. Qg3 g5 38. a3 Nd7 39. b4 cxb4 40.
axb4 Qxc4 41. Qe1 Qc6 42. Kg3 Qh6 43. Rg1 Bxg1 44. Qxg1 Qb6 45. Qc1 h6 0-1

[Event "EU YCH Team U12 boys"]
[Site "Thessaloniki"]
[Date "2022.07.17"]
[Round "6.2"]
[White "Karakotsios, Loukas Georgios"]
[Black "Sardis, Ioannis"]
[Result "1/2-1/2"]
[WhiteElo "1257"]
[BlackElo "1106"]
[PlyCount "132"]
[EventDate "2022.07.12"]
[EventType "swiss"]
[EventRounds "7"]
[EventCountry "GRE"]
[SourceTitle "Youth Database"]
[Source "CBase R.Goldau"]
[SourceDate "2000.03.01"]
[SourceVersion "1"]
[SourceVersionDate "2022.07.18"]
[SourceQuality "1"]
[WhiteTeam "Griechenland"]
[BlackTeam "Griechenland"]
[WhiteTeamCountry "GRE"]
[BlackTeamCountry "GRE"]

1. d4 d5 2. c4 e6 3. Nc3 c5 4. Nf3 cxd4 5. Nxd4 e5 6. Nf3 d4 7. Nd5 Nc6 8. e3
dxe3 9. Bxe3 Be6 10. Be2 Qd7 11. O-O O-O-O 12. Bxa7 Bxd5 13. cxd5 Nxa7 14. Nxe5
Qe8 15. Bg4+ Kb8 16. Qd4 Nf6 17. Bf3 Bd6 18. Nc4 Nc6 19. Qc3 Ne5 20. Rfe1 Nxf3+
21. Qxf3 Qd7 22. Rac1 Rhe8 23. Red1 h5 24. h3 Qe7 25. Qc3 Bb4 26. Qb3 Rxd5 27.
Rxd5 Nxd5 28. Qg3+ Ka7 29. Qxg7 Bc5 30. Qg3 h4 31. Qf3 Kb8 32. Qxd5 Ba7 33.
Qd6+ Qxd6 34. Nxd6 Rd8 35. Nxf7 Rf8 36. Ne5 Bxf2+ 37. Kh1 Be3 38. Nd7+ Ka7 39.
Nxf8 Bxc1 40. b3 Ka6 41. Ng6 Bg5 42. Ne5 Kb5 43. a3 b6 44. Kg1 Bf6 45. Nc4 Kc5
46. Kf2 b5 47. Na5 Kd4 48. Nb7 Be7 49. a4 bxa4 50. bxa4 Kc4 51. Na5+ Kc5 52.
Kf3 Kb6 53. Nb3 Kc6 54. g4 hxg3 55. Kxg3 Kd5 56. h4 Kc4 57. Na5+ Kc5 58. h5 Bf6
59. h6 Kb4 60. Nb7 Kxa4 61. Nc5+ Kb5 62. Ne6 Kc6 63. Kg4 Kd6 64. Kf5 Ke7 65.
Nd8 Bh8 66. Kg6 Kxd8 1/2-1/2

[Event "EU YCH Team U12 boys"]
[Site "Thessaloniki"]
[Date "2022.07.17"]
[Round "6.3"]
[White "Dimoudis, Dimitrios"]
[Black "Misios, Konstantinos"]
[Result "1/2-1/2"]
[WhiteElo "1058"]
[BlackElo "1262"]
[PlyCount "65"]
[EventDate "2022.07.12"]
[EventType "swiss"]
[EventRounds "7"]
[EventCountry "GRE"]
[SourceTitle "Youth Database"]
[Source "CBase R.Goldau"]
[SourceDate "2000.03.01"]
[SourceVersion "1"]
[SourceVersionDate "2022.07.18"]
[SourceQuality "1"]
[WhiteTeam "Griechenland"]
[BlackTeam "Griechenland"]
[WhiteTeamCountry "GRE"]
[BlackTeamCountry "GRE"]

1. e4 e5 2. Nf3 Nc6 3. Bc4 Bc5 4. d3 Nf6 5. c3 d6 6. h3 O-O 7. Bg5 h6 8. Bh4
Be6 9. Nbd2 Qe7 10. O-O Rfe8 11. a4 a6 12. b4 Bb6 13. Re1 g5 14. Bg3 Nh5 15.
Bh2 Nf4 16. Bxf4 exf4 17. Nh2 Ne5 18. Bxe6 fxe6 19. Ndf3 Ng6 20. d4 e5 21. Re2
Rad8 22. Qe1 Kg7 23. Rd1 d5 24. dxe5 Nxe5 25. Nxe5 Qxe5 26. Kf1 dxe4 27. Rxd8
Rxd8 28. Rxe4 Qf6 29. Ng4 Qd6 30. Re7+ Kf8 31. Re2 Qd1 32. Qxd1 Rxd1+ 33. Re1
1/2-1/2

[Event "EU YCH Team U12 boys"]
[Site "Thessaloniki"]
[Date "2022.07.17"]
[Round "6.2"]
[White "Zagorac, Lara"]
[Black "Shefer, Uri"]
[Result "0-1"]
[WhiteElo "1499"]
[BlackElo "1882"]
[PlyCount "54"]
[EventDate "2022.07.12"]
[EventType "swiss"]
[EventRounds "7"]
[EventCountry "GRE"]
[SourceTitle "Youth Database"]
[Source "CBase R.Goldau"]
[SourceDate "2000.03.01"]
[SourceVersion "1"]
[SourceVersionDate "2022.07.18"]
[SourceQuality "1"]
[WhiteTeam "Kroatien"]
[BlackTeam "Israel"]
[WhiteTeamCountry "CRO"]
[BlackTeamCountry "ISR"]

1. d4 Nf6 2. Nf3 g6 3. c4 Bg7 4. g3 d6 5. Bg2 O-O 6. Nc3 Nc6 7. O-O e5 8. e3
Bg4 9. h3 Bxf3 10. Bxf3 Nd7 11. Bxc6 bxc6 12. b3 f5 13. Ne2 Qe7 14. Bb2 Rae8
15. Qd2 exd4 16. Bxd4 Ne5 17. Bxe5 Qxe5 18. Rae1 g5 19. Nd4 Qc5 20. Ne2 Rf6 21.
Qd4 Qa5 22. Qd3 Rh6 23. Kg2 f4 24. Nd4 Bxd4 25. Qxd4 Qf5 26. h4 f3+ 27. Kh2 Re4
0-1

[Event "EU YCH Team U12 boys"]
[Site "Thessaloniki"]
[Date "2022.07.17"]
[Round "6.3"]
[White "Azoulay, Yehonatan"]
[Black "Golubovic, Erik"]
[Result "1/2-1/2"]
[WhiteElo "1805"]
[BlackElo "1594"]
[PlyCount "90"]
[EventDate "2022.07.12"]
[EventType "swiss"]
[EventRounds "7"]
[EventCountry "GRE"]
[SourceTitle "Youth Database"]
[Source "CBase R.Goldau"]
[SourceDate "2000.03.01"]
[SourceVersion "1"]
[SourceVersionDate "2022.07.18"]
[SourceQuality "1"]
[WhiteTeam "Israel"]
[BlackTeam "Kroatien"]
[WhiteTeamCountry "ISR"]
[BlackTeamCountry "CRO"]

1. e4 c5 2. Nf3 d6 3. d4 cxd4 4. Nxd4 Nf6 5. Nc3 a6 6. Be2 e5 7. Nb3 Be7 8. Bg5
Be6 9. Bxf6 Bxf6 10. Qd3 O-O 11. O-O-O Be7 12. Kb1 Nd7 13. Nd5 Bxd5 14. Qxd5 b5
15. h4 Qc7 16. h5 Rfc8 17. Qd3 h6 18. Bg4 Rcb8 19. Bxd7 Qxd7 20. g3 Rb6 21. f4
Bf6 22. Nd2 Qg4 23. Rdf1 Qe6 24. f5 Qe7 25. Nf3 a5 26. g4 Bg5 27. Nxg5 Qxg5 28.
f6 gxf6 29. Rf5 Qg7 30. Rhf1 d5 31. Qxd5 Raa6 32. c3 Kh7 33. b3 Kg8 34. Qd3 Kh7
35. Ka1 b4 36. c4 Rd6 37. Qe2 Rac6 38. Qf2 Qxg4 39. c5 Rd1+ 40. Rxd1 Qxd1+ 41.
Kb2 Qd8 42. Rf3 Qe7 43. Rd3 Qxc5 44. Qf5+ Kg7 45. Qg4+ Kh7 1/2-1/2

[Event "EU YCH Team U12 boys"]
[Site "Thessaloniki"]
[Date "2022.07.17"]
[Round "6.4"]
[White "Mocic, Ivano"]
[Black "Shilon Rahav, Eliran"]
[Result "1/2-1/2"]
[WhiteElo "1577"]
[BlackElo "1922"]
[PlyCount "98"]
[EventDate "2022.07.12"]
[EventType "swiss"]
[EventRounds "7"]
[EventCountry "GRE"]
[SourceTitle "Youth Database"]
[Source "CBase R.Goldau"]
[SourceDate "2000.03.01"]
[SourceVersion "1"]
[SourceVersionDate "2022.07.18"]
[SourceQuality "1"]
[WhiteTeam "Kroatien"]
[BlackTeam "Israel"]
[WhiteTeamCountry "CRO"]
[BlackTeamCountry "ISR"]

1. d4 d5 2. c4 e6 3. g3 c6 4. Bg2 f5 5. Nh3 Nf6 6. Nd2 Bd6 7. Nf3 O-O 8. Bf4
Ne4 9. O-O b6 10. Bxd6 Qxd6 11. Ne5 Nd7 12. Nxd7 Bxd7 13. Nf4 Rae8 14. Nd3 Bc8
15. Ne5 a5 16. Bxe4 dxe4 17. e3 c5 18. Qd2 Rd8 19. Rfd1 Bb7 20. a3 Qc7 21. Qc3
cxd4 22. Rxd4 Rxd4 23. Qxd4 Rd8 24. Qc3 Qd6 25. b4 Rc8 26. Qd4 Qxd4 27. exd4
Rd8 28. Rd1 axb4 29. axb4 g5 30. c5 bxc5 31. bxc5 Bd5 32. c6 Rc8 33. Rc1 Rc7
34. Rb1 f4 35. gxf4 gxf4 36. Rc1 Kf8 37. Kf1 Ke7 38. Ke2 Kd6 39. f3 e3 40. Nd3
Bxc6 41. Rc5 Ra7 42. Nxf4 Ra2+ 43. Kxe3 Ra3+ 44. Nd3 Bxf3 45. Kxf3 Rxd3+ 46.
Kf2 Rd2+ 47. Kg3 Rd3+ 48. Kf2 Rd2+ 49. Kg3 Rd3+ 1/2-1/2

[Event "EU YCH Team U12 boys"]
[Site "Thessaloniki"]
[Date "2022.07.17"]
[Round "6.1"]
[White "Weber, Yonatan"]
[Black "Shevchenko, Yaroslav"]
[Result "0-1"]
[WhiteElo "1682"]
[BlackElo "1845"]
[PlyCount "70"]
[EventDate "2022.07.12"]
[EventType "swiss"]
[EventRounds "7"]
[EventCountry "GRE"]
[SourceTitle "Youth Database"]
[Source "CBase R.Goldau"]
[SourceDate "2000.03.01"]
[SourceVersion "1"]
[SourceVersionDate "2022.07.18"]
[SourceQuality "1"]
[WhiteTeam "Israel"]
[BlackTeam "Ukraine"]
[WhiteTeamCountry "ISR"]
[BlackTeamCountry "UKR"]

1. c4 e6 2. g3 d5 3. Bg2 c6 4. Qc2 Nf6 5. Nf3 Be7 6. O-O O-O 7. d3 Nbd7 8. Nc3
e5 9. a3 d4 10. Nb1 a5 11. e3 c5 12. Ne1 Re8 13. e4 Nb8 14. f4 Nc6 15. f5 h6
16. h3 Nh7 17. Nf3 Ng5 18. Nxg5 Bxg5 19. Bxg5 Qxg5 20. Kh2 Bd7 21. Nd2 a4 22.
Nf3 Qd8 23. g4 Ra6 24. Bh1 g5 25. h4 Na5 26. hxg5 hxg5 27. Kg3 Rh6 28. Bg2 Kg7
29. Rh1 Reh8 30. Raf1 Nb3 31. f6+ Qxf6 32. Nd2 Qe6 33. Bh3 Rxh3+ 34. Rxh3 Qxg4+
35. Kf2 Rxh3 0-1

[Event "EU YCH Team U12 boys"]
[Site "Thessaloniki"]
[Date "2022.07.17"]
[Round "6.2"]
[White "Rudenko, Taras"]
[Black "Zakin, Ilay"]
[Result "1-0"]
[WhiteElo "1746"]
[BlackElo "1677"]
[PlyCount "86"]
[EventDate "2022.07.12"]
[EventType "swiss"]
[EventRounds "7"]
[EventCountry "GRE"]
[SourceTitle "Youth Database"]
[Source "CBase R.Goldau"]
[SourceDate "2000.03.01"]
[SourceVersion "1"]
[SourceVersionDate "2022.07.18"]
[SourceQuality "1"]
[WhiteTeam "Ukraine"]
[BlackTeam "Israel"]
[WhiteTeamCountry "UKR"]
[BlackTeamCountry "ISR"]

1. e4 c5 2. Nf3 Nc6 3. d4 cxd4 4. Nxd4 Nf6 5. Nc3 e5 6. Ndb5 d6 7. a4 a6 8. Na3
Be6 9. Bc4 Be7 10. O-O O-O 11. Bg5 Rc8 12. Bxf6 Bxf6 13. Nd5 Bg5 14. c3 Ne7 15.
Qb3 Bxd5 16. Bxd5 Nxd5 17. Qxd5 Rc6 18. Nc2 Qb8 19. Nb4 Rc5 20. Qd3 g6 21. Rad1
Rd8 22. Qg3 Bf4 23. Qh4 h6 24. Nd5 Bg5 25. Qg4 Rc4 26. h4 Bf4 27. g3 h5 28. Qe2
Rxa4 29. gxf4 exf4 30. f3 Ra5 31. b4 Ra3 32. Qb2 Ra4 33. Nb6 Qa7 34. Qf2 Ra3
35. Nd5 Qb8 36. Ra1 Rxa1 37. Rxa1 Rf8 38. Nf6+ Kg7 39. Qd4 Kh6 40. Nd7 Qc8 41.
Nxf8 Qxf8 42. Qf6 Kh7 43. Rd1 Qe8 1-0